Firmy majú zakázané poskytovať dary

Bibliographic Details
Main Author: Janík, Branislav (Author)
Format: Article
Language:Slovak
Subjects:

MARC

LEADER 00000nab a2200000 a 4500
001 vtls000587651
003 SK-MaSNL
005 20260304041043.0
008 120930c1996 xo 0 slo
015 |a SNBRB19rr/mm-uuuuu 
035 |a CL0587790 
040 |a SNKBUCL  |b slo  |c SNKBUCL  |e AACR2 
041 0 |a slo 
044 |a xo  |c SK 
080 |a 329(44):336.6  |2 1981 
080 |a 336.6  |2 1981 
100 1 |a Janík, Branislav  |4 aut  |9 838464 
245 1 0 |a Firmy majú zakázané poskytovať dary  |c Branislav Janík 
650 0 7 |a politické strany  |2 snkbucl  |9 3589 
650 0 7 |a financovanie  |2 snkbucl  |9 16004 
651 7 |a Francúzsko  |2 snkbucl  |9 15907 
655 7 |a články z novín a časopisov  |2 snkbucl  |9 267496 
773 0 |t Národná obroda  |g Roč. 7, č. 147 (25. 6. 1996), s. 5 
850 |a Slovenská národná knižnica v Martine  |a MTA001 
852 |a SNK  |b KIS3GCP 
958 |a RK 
992 |a RBX 
999 |c 2666293  |d 2668223